00599nam a2200205Ia 4500008004100000050001200041050001500053100003100068245006400099245003100163260003100194260001000225260001000235300001500245300002000260300001100280500005600291521002700347999001900374170504s9999 xx 000 0 und d aT 58.6  b.V718 2016 aVillanueva, George Luke C. aInventory and point sales systems for pump it fitness gym / cGeorge Luke C. Villanueva. aLas Piñas, Philippines : bSISC, c2016. a97 pages : billustrations ; c28 cm. aIncludes bibliographical references and appendices. aInformation Technology c329736d329736